|
|
|
|
| LEADER |
00000nam0a2200000 4500 |
| 001 |
285629 |
| 005 |
20231101235819.0 |
| 020 |
|
|
|a RU
|b 85-45358
|
| 035 |
|
|
|a (RuTPU)RU\TPU\book\309874
|
| 090 |
|
|
|a 285629
|
| 100 |
|
|
|a 20150226d1985 m y0rusy5003 ca
|
| 101 |
0 |
|
|a rus
|
| 102 |
|
|
|a RU
|
| 105 |
|
|
|a a j 001zy
|
| 200 |
1 |
|
|a Наружная и внутренняя облицовка зданий природным камнем
|e учебник
|f В. И. Малин
|
| 210 |
|
|
|a Москва
|c Высшая школа
|d 1985
|
| 215 |
|
|
|a 280 с.
|c ил.
|
| 225 |
1 |
|
|a Профессионально-техническое образование
|
| 320 |
|
|
|a Библиогр.: с. 276
|
| 606 |
|
|
|a Облицовочные работы в целом
|2 stltpush
|3 (RuTPU)RU\TPU\subj\46403
|9 65543
|
| 610 |
1 |
|
|a материаловедение
|
| 610 |
1 |
|
|a природные материалы
|
| 610 |
1 |
|
|a изделия
|
| 610 |
1 |
|
|a осадочные породы
|
| 610 |
1 |
|
|a природные камни
|
| 610 |
1 |
|
|a растворы
|
| 610 |
1 |
|
|a мастики
|
| 610 |
1 |
|
|a приготовление
|
| 610 |
1 |
|
|a сухие смеси
|
| 610 |
1 |
|
|a добыча
|
| 610 |
1 |
|
|a обработка
|
| 610 |
1 |
|
|a технология
|
| 610 |
1 |
|
|a особенности
|
| 610 |
1 |
|
|a уход
|
| 610 |
1 |
|
|a учебники
|
| 675 |
|
|
|a 693.69(075.32)
|v 3
|
| 700 |
|
1 |
|a Малин
|b В. И.
|g Василий Иванович
|
| 801 |
|
0 |
|a RU
|b RuMRKP
|c 19950704
|g psbo
|
| 801 |
|
1 |
|a RU
|b 63413507
|c 20150226
|
| 801 |
|
2 |
|a RU
|b 63413507
|c 20180724
|g RCR
|
| 942 |
|
|
|c BK
|